Lyrics to Still Alive - Statistics

General Stats
  • This quiz has been taken 1,779 times
  • The average score is 39 of 55
Answer Stats
Hint Answer % Correct
This was a ------ Triumph
96%
I'm making a ---- here Note
95%
Aperture -------- Science
94%
Huge ---- Success
94%
We do what we must because we ---- Can
93%
Except the ones who are ------ Dead
92%
For the ----- of all of us Good
87%
You just keep on trying till you run out of ----- Cake
86%
over every ----- Mistake
86%
For the people who are ----- ------ Still Alive
86%
I'm not even ------ Angry
84%
Even though you ----- my heart Broke
84%
and ------ me Killed
84%
And thew every piece into a ----- Fire
83%
It's hard to ------ my satisfaction Overstate
82%
And the ------- gets done Science
82%
And --- me to pieces Tore
82%
And you make a neat --- Gun
81%
I'm being so ----- right now Sincere
81%
i was so ----- for you Happy
79%
As they ------ it hurt because Burned
78%
for the people who are ----- ----- Still Alive
78%
That was a ----- Joke
77%
Anyway this ---- is great Cake
76%
Ha Ha. Fat ------- Chance
76%
We're releashing on ----- Time
76%
Now these points of ---- make a beautiful line Data
75%
Go ahead and ---- me Leave
75%
Maybe Black ----- Mesa
75%
But there's no ----- crying Sense
75%
Think of all the ----- we've learned Things
75%
It's so delicious and ----- Moist
73%
I think I prefer to stay ------- Inside
70%
still talking while there's ----- to do Science
70%
And we're out of ---- Beta
68%
So i'm glad I got ------- Burned
68%
Look at --- Me
68%
it makes me glad i'm not --- You
68%
----- you'll find someone else Maybe
67%
On the people who are ----- ----- Still Alive
67%
to ---- you Help
66%
When I look --- there Out
62%
I've --------- to run Experiments
57%
I am ---- ----- Still Alive
55%
There is ------- to be done Research
52%
and i'm ----- ----- Still Alive
49%
----- ------ x2 Still Alive
46%
and i'm ----- ----- Still Alive
45%
I'll be ------ ----- Still Alive
45%
I will be ----- ----- Still Alive
45%
I'm ------ ------ Doing Science
36%
And when you ----- Dead
34%
While you ------ Dying
33%
I ---- ---------- Feel Fantastic
28%
And ---- me Believe
21%
No matching quizzes found
Score Distribution
Percent of People with Each Score
Percentile by Number Answered
Your Score History
You have not taken this quiz